• Bart Lionel

di Personal Name

Records bibliografici associati: 1

001 - CONTROL NUMBER

  • control field: 9248

003 - CONTROL NUMBER IDENTIFIER

  • control field: IT-RoPau

005 - DATE AND TIME OF LATEST TRANSACTION

  • control field: 20140114221453.0

008 - FIXED-LENGTH DATA ELEMENTS

  • fixed length control field: 140114|| aca||aabn | a|a d

040 ## - CATALOGING SOURCE

  • Original cataloging agency: IT-RoPau
  • Transcribing agency: IT-RoPau

100 ## - HEADING--PERSONAL NAME

  • Personal name: Bart Lionel
  • Relator term: Autore musica
  • Miscellaneous information: Codice autore musica SPICS: 14455
  • Name of part/section of a work: From Russia With Love

670 ## - SOURCE DATA FOUND

  • Source citation: Work cat.: (IT-RoPau)99079: AA.VV. 794, Amore grande amore libero (Guardiano del faro)
CREDITS: SOCIETA' SAN PAOLO Via A.Severo, 58 - ROMA (RM) & PERIODICI SAN PAOLO SRL Via Giotto, 36 MILANO & CISF Via Giotto, 36 MILANO & EDIZIONI SAN PAOLO SRL,  Piazza Soncino, 5 CINISELLO BALSAMO (MI) -- ITALY